L'evolution de la poesie lyrique en france au dix-neuvieme siecle, ii /

Guardado en:
Autor Principal: Brunetiere, Ferdinand
Formato: Libro
Publicado: Paris : Hachette, 19
Edición:10e. ed.
Series:Bibliotheque De Litterature
Materias:
Etiquetas: Agregar Etiqueta
Sin Etiquetas, Sea el primero en etiquetar este registro!
LEADER 00707nam a22002175a 4500
001 EHU.bham027613
003 AR-BHAM
005 20110511141328.0
008 130507b######################000#0#####d
082 8 4 |a 841.07 
100 1 |a Brunetiere, Ferdinand 
245 1 0 |a L'evolution de la poesie lyrique en france au dix-neuvieme siecle, ii /  |c Ferdinand Brunetiere 
250 |a 10e. ed. 
260 |a Paris :  |b Hachette, 19 
300 |a 302 p. 
490 0 |a Bibliotheque De Litterature 
653 |a Donacion lejarraga 
653 |a Literatura francesa-estudios 
653 |a Poesia francesa-siglo 19 
653 |a Poesia lirica francesa 
859 |a AR-BHAM  |b BIB. HUMANIDADES - General  |h 841.07  |i B835  |p 1476.04  |t Ej.1  |v II  |3 II